Handheld Device Based Desktop Control System using Bluetooth [Project BIT5] (Record no. 9126)

000 -LEADER
fixed length control field 00542 a2200133 4500
082 ## - DEWEY DECIMAL CLASSIFICATION NUMBER
Classification number BIT-5
100 ## - MAIN ENTRY--PERSONAL NAME
Personal name Wajid Ali Khan
9 (RLIN) 92193
245 ## - TITLE STATEMENT
Title Handheld Device Based Desktop Control System using Bluetooth [Project BIT5]
Statement of responsibility, etc. Wajid Ali Khan
260 ## - PUBLICATION, DISTRIBUTION, ETC.
Place of publication, distribution, etc. Islamabad,
Name of publisher, distributor, etc. NUST School of Electrical Engineering & Computer Science,
Date of publication, distribution, etc. 2007.
300 ## - PHYSICAL DESCRIPTION
Extent ix, 62 p. :
Other physical details ill. ;
Dimensions 27 cm. +
Accompanying material CD-ROM
500 ## - GENERAL NOTE
General note Supervisors : Mr. Ali Sajjad, Mr. Saad Liaquat Kiyani.
856 ## - ELECTRONIC LOCATION AND ACCESS
Uniform Resource Identifier <a href="http://10.250.8.41:8080/xmlui/handle/123456789/9218">http://10.250.8.41:8080/xmlui/handle/123456789/9218</a>
942 ## - ADDED ENTRY ELEMENTS (KOHA)
Koha item type Project Report
Call number prefix BIT-5 WAJ
Source of classification or shelving scheme
Holdings
Withdrawn status Lost status Source of classification or shelving scheme Damaged status Not for loan Permanent Location Current Location Date acquired Full call number Barcode Date last seen Price effective from Koha item type
WITHDRAWN         Central Library (CL) Central Library (CL) 07/05/2022 BIT-5 WAJ SEECSP00007 11/14/2012 11/14/2012 Project Report
© 2023 Central Library, National University of Sciences and Technology. All Rights Reserved.